Movies Quiz

Random Movies or Actor Quiz

Movie Title Actors (A-Z) II Quiz Stats

 Plays Quiz Updated Jul 19, 2018

Challenge
Share
Tweet
Embed
Score 0/26 Timer 05:00
2 Plays Today
Movie Actor % Correct
Mrs. ·Doubtfire·Robin Williams
96.8%
·Indiana· Jones and the Last CrusadeHarrison Ford
93.7%
·Jerry· MaguireTom Cruise
93.1%
·Erin· BrockovichJulia Roberts
92.1%
·Lara· Croft: Tomb RaiderAngelina Jolie
91.2%
Ace ·Ventura·: Pet DetectiveJim Carrey
90.1%
Dirty ·Harry·Clint Eastwood
88.5%
Mary ·Poppins·Julie Andrews
87.6%
·Turner· and HoochTom Hanks
86.3%
There's Something About ·Mary·Cameron Diaz
84.5%
Saving Private ·Ryan·Matt Damon
83.8%
·Nacho· LibreJack Black
79.7%
Malcolm ·X·Denzel Washington
77.9%
Movie Actor % Correct
·Ferris· Bueller's Day OffMatthew Broderick
77.7%
What's Eating ·Gilbert· GrapeJohnny Depp
76.4%
The Mask of ·Zorro·Antonio Banderas
75.3%
·Uncle· BuckJohn Candy
72.6%
·Conan· the Barbarian (1982)Arnold Schwarzenegger
71.1%
·Yentl·Barbra Streisand
66.5%
Smokey and the ·Bandit·Burt Reynolds
65%
·Ocean's· 11 (1960)Frank Sinatra
63.9%
The ·Queen·Helen Mirren
63.2%
·Shaun· of the DeadSimon Pegg
52.7%
·Wyatt· EarpKevin Costner
45.5%
·Anna· Karenina (2012)Keira Knightley
41%
Ned ·Kelly· (2003)Heath Ledger
20.2%

You're not logged in!

Compare scores with friends on all Sporcle quizzes.
Join for Free
OR
Log In

You Might Also Like...

Show Comments

Extras

Top Quizzes Today


Score Distribution

Your Account Isn't Verified!

In order to create a playlist on Sporcle, you need to verify the email address you used during registration. Go to your Sporcle Settings to finish the process.

Report this User

Report this user for behavior that violates our Community Guidelines.

Details: